000 00682nam a2200217 i 4500
001 35618
003 ES-MaACL
005 20230906155152.0
007 t|
008 030213s1968 sp ||||1| spa d
100 1 _aBowra, C. M.
_931155
245 1 0 _aIntroducción a la literatura griega /
_cC.M. Bowra ; [lo tradujo Luis Gil].
260 _aMadrid :
_bGuadarrama,
_c[1968]
300 _a411 p., 16 lám. ;
_c21 cm.
490 1 _aTextos universitarios ;
_v10
650 0 0 _aLiteratura griega-
_xHistoria y crítica.
_914599
700 1 _aGil Fernández, Luis.
_956817
830 1 _aTextos universitarios ;
_v10
_9177853
852 _aES-MaACL
_jC-34623
999 _c35618
_d35618